000 00749 a2200217 4500
003 OSt
005 20180116192341.0
008 120525t xxu||||| |||| 00| 0 eng d
020 _a0615336663 (paperback)
020 _a9780615336664 (paperback)
040 _c0
082 _a711.40
100 1 _aGentry, George M.
_92276
245 1 0 _aHeart of the city :
_ba collection of raw verses by george M. gentry /
_cGeorge M Gentry.
260 _aNew yark :
_bVanHook House,
_c2009.
300 _a1I4 p. ;
_c21 cm.
650 0 _aHeart of the City
_92277
856 4 0 _3Amazon.com
_uhttp://www.amazon.com/exec/obidos/ASIN/0615336663/chopaconline-20
942 _aSADA
_cBK
_k711.40 GEN 2009
_2ddc
999 _c352665
_d352665